000 00977naa a22002777a 4500
001 BR9600888
003 BR-BrBNA
005 20250721155542.0
007 ta
008 250630b bl.|||m| |||| 00| 0 por d
040 _aBR-BrBNA
_bpor
_cBiblioteca Nacional de Agricultura
041 _a(Pt)
072 _aE70; E71
_b0600
090 _aE70 BR9600888
100 1 _aSouza, J. da S.
245 1 _aMercado e comercializacao de frutas
500 _a1. Encontro Estadual de Fruticultura Cruz das Almas, BA (Brasil): 1993. p. 59-76 [18 tables; 8 ref.] (BR9600888-AMS)
773 0 _t1. Encontro Estadual de Fruticultura
_wE70 BR9600888
_gCruz das Almas, BA (Brasil), 1993. p. 59-76
650 _aFruta
650 _aComercializacao
650 _aExportacao
650 _aEstatistica de Producao
490 _aDocumentos - Centro Nacional de Pesquisa de Mandioca e Fruticultura Tropical (Brazil)
_vno. 39
942 _cAMS
_2AGRIS
909 _a202506
_bLúcia
_c55
_dLúcia Elande
999 _c337187
_d337187